| 000 | 00662nam a22002297a 4500 | ||
|---|---|---|---|
| 001 | 19009 | ||
| 003 | BD-RjUL | ||
| 005 | 20211209000354.0 | ||
| 008 | 140223s1985 ii ||||| |||| 001 0 eng d | ||
| 020 | _a0706928628 | ||
| 035 | _a(BD-RjUL)19067 | ||
| 040 |
_aBD-RjUL _beng _cBD-RjUL _dBD-RjUL |
||
| 041 | _aeng | ||
| 082 | 0 | 4 |
_a332.0954 _bSHB 1985 |
| 100 | 1 |
_a Shekhar, K C _931141 |
|
| 245 | 1 | 1 |
_aBanking theory and practice : _blaw and foreign exchange / _cby K C Shekhar |
| 260 |
_aNew Delhi : _b Vikas Pub. House, _c1985 |
||
| 300 |
_axvii, 802 p. ; _c22 cm. |
||
| 504 | _aInclude index | ||
| 650 | 0 |
_aBanks and banking _z India. _99960 |
|
| 942 |
_2ddc _cBK |
||
| 999 |
_c19009 _d19009 |
||